Statistics for Keanu Reeves Filmography

Click here to take the quiz!

General Stats

  • This quiz has been taken 207 times
    (73 since last reset)
  • The average score is 22 of 95

Answer Stats

TypeYearName% Correct
Film1999The Matrix
93%
Film2014John Wick
90%
Film2019John Wick: Chapter 3 - Parabellum
88%
Film2017John Wick: Chapter 2
88%
Film2003The Matrix Reloaded
85%
Film1994Speed
83%
Film1989Bill & Ted's Excellent Adventure
80%
Film2003The Matrix Revolutions
71%
Film1991Point Break
68%
Film1991Bill & Ted's Bogus Journey
61%
Film2005Constantine
54%
Film2006The Lake House
54%
Film1992Bram Stoker's Dracula
49%
Film1997The Devil's Advocate
46%
Film1991My Own Private Idaho
41%
Film1995A Walk in the Clouds
37%
Film1995Johnny Mnemonic
37%
Film2001Sweet November
37%
Film201347 Ronin
37%
Film1989Parenthood
34%
Film2008The Day the Earth Stood Still
34%
Film2000The Replacements
34%
Film2019Toy Story 4
32%
Film1993Much Ado About Nothing
32%
Film2020Bill & Ted Face the Music
32%
Film2001Hardball
29%
Film2019Always Be My Maybe
29%
Film1996Chain Reaction
27%
Film2003Something's Gotta Give
24%
Film2018Replicas
22%
Film2021The Matrix 4
22%
Film1993Little Buddha
22%
Film1986River's Edge
22%
Film2000The Watcher
20%
Film2015Knock Knock
20%
Film2008Street Kings
20%
Film2006A Scanner Darkly
20%
Film2018Siberia
20%
Film2018Destination Wedding
20%
Film2016Keanu
20%
Film1988Dangerous Liaisons
17%
TV Show1990Bill & Ted's Excellent Adventures
17%
Film1986Youngblood
17%
Film2013Man of Tai Chi
17%
Film1996Feeling Minnesota
17%
Film2020The SpongeBob Movie: Sponge on the Run
15%
Film2010Henry's Crime
15%
Film2016The Bad Batch
15%
Film2003The Animatrix
15%
Film2000The Gift
15%
Film1993Even Cowgirls Get the Blues
12%
Film1988Permanent Record
12%
Film1990I Love You to Death
12%
Film2005Thumbsucker
12%
Video Game2020Cyberpunk 2077
12%
Film1988The Prince of Pennsylvania
12%
Film2013Generation Um...
10%
Film2016The Whole Truth
10%
Web Series2016-2018Swedish Dicks
10%
Film2017To the Bone
10%
Film1997The Last Time I Committed Suicide
10%
Film1990Tune in Tomorrow
10%
Film1986Flying
10%
Film1985One Step Away
10%
Film1989Life Under Water
10%
TV Film1986Act of Vengeance
10%
Film2005Ellie Parker
10%
Film2017SPF-18
7%
Film2019Between Two Ferns: The Movie
7%
Film2016Exposed
7%
Film2016The Neon Demon
7%
TV Show1985Night Heat
7%
TV Show1984Hangin' In
7%
Documentary2015Mifune: The Last Samurai
7%
Film2006The Great Warning
7%
Film1993Freaked
7%
TV Show1989The Tracey Ullman Show
7%
Film1988The Night Before
7%
Documentary2015Deep Web
7%
Video Game2003Enter the Matrix
7%
TV Film1986Babes in Toyland
7%
Film2009The Private Lives of Pippa Lee
7%
Documentary2012Side by Side
7%
TV Show1986The Disney Sunday Movie
7%
TV Film1986Under the Influence
5%
Film1993Poetic Justice
5%
Film1999Me and Will
5%
TV Show1985Comedy Factory
5%
TV Show1989American Playhouse
5%
Production2019Already Gone
5%
Film1991Providence
5%
Web Series2009, 2012Easy to Assemble
5%
Film2017A Happening of Monumental Proportions
2%
TV Show1987Trying Times
2%
TV Film1985Letting Go
2%

Score Distribution

Percentile by Number Answered

Percent of People with Each Score

Your Score History

You have not taken this quiz since the last reset